| 000 | 00536nam a2200169 a 4500 | ||
|---|---|---|---|
| 001 | 000039121 | ||
| 005 | 20201002031516.0 | ||
| 008 | 130523s2013 dr 000 0 spa d | ||
| 020 | _a9789945131512 | ||
| 040 |
_aDO-SdBNP _bspa _cBNPHU |
||
| 100 | 1 |
_aVargas Flores, Yáskara _965330 |
|
| 245 | 1 | 0 |
_aProceso penal al rojo vivo / _cYáskara Vargas Flores. |
| 250 | _a2a. ed. | ||
| 260 |
_aSanto Domingo : _bEditora Búho, _c2013. |
||
| 300 |
_a251 p. ; _c23 cm. |
||
| 500 | _aIncluye datos biográficos del autor en la solapa de la cubierta | ||
| 999 |
_c38611 _d38611 |
||